| 000 | 00655nam a2200205 i 4500 | ||
|---|---|---|---|
| 001 | 61665 | ||
| 003 | ES-MaACL | ||
| 005 | 20250902023253.0 | ||
| 007 | t| | ||
| 008 | 031113s1963 sp ||||1| spa d | ||
| 100 | 1 |
_aFarcy, H. de. _948832 |
|
| 245 | 1 | 0 |
_aProducir y vender / _cpor H. de Farcy ; [traducido por Manuel Fonseca]. |
| 260 |
_aBarcelona : _bHispano Europea, _c[1963] |
||
| 300 |
_aXVI, 259 p. ; _c21 cm. |
||
| 490 | 1 | _aBiblioteca de Dirección de empresa | |
| 700 | 1 |
_aFonseca, Manuel. _951524 |
|
| 830 | 0 | 0 |
_aBiblioteca de la dirección de empresas _9183582 |
| 852 |
_aES-MaACL _jC-24519 _bR.53326 |
||
| 999 |
_c61665 _d61665 |
||